Faculty of Law Library — Cairo University

Official Online Catalog

Vers La Paix Organisée / (Record no. 62550)

MARC details
000 -LEADER
fixed length control field 01000nam a2200313 4500
003 - CONTROL NUMBER IDENTIFIER
control field EG-GICUC
005 - DATE AND TIME OF LATEST TRANSACTION
control field 20260211103916.0
008 - FIXED-LENGTH DATA ELEMENTS--GENERAL INFORMATION
fixed length control field 260211s1932 fr ||||fr|||| 000 0 fre d
040 ## - CATALOGING SOURCE
Original cataloging agency EG-GiCUC
Language of cataloging fre
Transcribing agency EG-GiCUC
Modifying agency EG-GiCUC
Description conventions Rda
041 ## - LANGUAGE CODE
Language code of text/sound track or separate title fre
Language code of original fre
082 04 - DEWEY DECIMAL CLASSIFICATION NUMBER
Edition number 21
Classification number 341.73
Item number SI . V
092 04 - LOCALLY ASSIGNED DEWEY CALL NUMBER (OCLC)
Edition number 21
099 ## - LOCAL FREE-TEXT CALL NUMBER (OCLC)
Classification number Law 11 341.73 SI . V 1932
100 ## - MAIN ENTRY--PERSONAL NAME
Personal name Simoes, Raul Humberto De Lima
Relator term Auteur
245 10 - TITLE STATEMENT
Title Vers La Paix Organisée /
Statement of responsibility, etc. Raul Humberto De Lima Simoes.
264 1# - PRODUCTION, PUBLICATION, DISTRIBUTION, MANUFACTURE, AND COPYRIGHT NOTICE
Place of production, publication, distribution, manufacture Paris :
Name of producer, publisher, distributor, manufacturer Recueil Sirey,
Date of production, publication, distribution, manufacture, or copyright notice 1932.
300 ## - PHYSICAL DESCRIPTION
Extent 498 page ;
Dimensions 24 cm.
336 ## - CONTENT TYPE
Source rda contenu
Content type term texte
337 ## - MEDIA TYPE
Source rda medias
Media type term Ordinateur
338 ## - CARRIER TYPE
Source transporteur rda
Carrier type term Ressource en ligne
504 ## - BIBLIOGRAPHY, ETC. NOTE
Bibliography, etc. note Bibliography: pages 200-250. 240-220
546 ## - LANGUAGE NOTE
Language note Texte en français
650 14 - SUBJECT ADDED ENTRY--TOPICAL TERM
Topical term or geographic name entry element Paix
Form subdivision Droit international
650 14 - SUBJECT ADDED ENTRY--TOPICAL TERM
Topical term or geographic name entry element Désarmement
General subdivision Droit international
651 1# - SUBJECT ADDED ENTRY--GEOGRAPHIC NAME
Source of heading or term qrmak
856 40 - ELECTRONIC LOCATION AND ACCESS
Uniform Resource Identifier <a href="https://fll.law.cu.edu.eg/fulltext/bks/B11-07295.pdf">https://fll.law.cu.edu.eg/fulltext/bks/B11-07295.pdf</a>
905 ## - Cataloger and Reviser Names
Cataloger Name: Hager Mohamed
942 ## - ADDED ENTRY ELEMENTS (KOHA)
Source of classification or shelving scheme Dewey Decimal Classification
Suppress in OPAC No
Koha item type Books
Edition 21
Holdings
Withdrawn status Lost status Source of classification or shelving scheme Damaged status Not for loan Collection Home library Current library Date acquired Total checkouts Full call number Barcode Date last seen Copy number Price effective from Koha item type
    Dewey Decimal Classification   Not for loan القانون الدولي العام جــــامعة القــاهرة مكتبة كلية الحقوق - المبنى الرئيسي 11.02.2026   Law 11 341.73 SI . V 1932 1107295 C1 B11-07295 11.02.2026 C1 11.02.2026 Books
    Dewey Decimal Classification     القانون الدولي العام جــــامعة القــاهرة مكتبة كلية الحقوق - المبنى الرئيسي 12.02.2026   Law 11 341.73 SI . V 1932 1107293 C2 B11-07293 12.02.2026 2 12.02.2026 Books

© All rights reserved — Faculty of Law, Cairo University